[Event "Xtracon GM"]
[Site "Borup"]
[Date "2009.09.13"]
[Round "9"]
[White "Rendboe, John Filip"]
[Black "Lund, Silas"]
[Result "0-1"]
[WhiteElo "2246"]
[BlackElo "2392"]
[PlyCount "100"]
[EventDate "2009.09.04"]
[EventType "swiss"]
[EventRounds "9"]
[EventCountry "DEN"]
[Source "ChessBase"]
[SourceDate "2009.11.03"]

1. c4 e6 2. Nf3 d5 3. cxd5 exd5 4. d4 c6 5. Nc3 Bd6 6. Bg5 Ne7 7. e3 Qb6 8. a3
Bf5 9. b4 Nd7 10. Be2 O-O 11. O-O Rfe8 12. Bh4 Bg6 13. Bg3 Nf5 14. Bxd6 Nxd6
15. Na4 Qc7 16. Nc5 Nb6 17. Ne5 Bf5 18. Qb3 f6 19. Nf3 Nbc4 20. a4 a6 21. Rfc1
b6 22. Nd3 b5 23. axb5 axb5 24. Ra2 Rxa2 25. Qxa2 Nb6 26. Qc2 Ndc4 27. Ra1 Qe7
28. Nh4 Be4 29. Ra6 Qb7 30. Qa2 Bxd3 31. Ra7 Qxa7 32. Qxa7 Ra8 33. Qxa8+ Nxa8
34. Bxd3 Nc7 35. Kf1 Na6 36. Ke2 Nxb4 37. e4 Na2 38. Bxc4 bxc4 39. Kd2 Kf7 40.
exd5 cxd5 41. Nf5 Nb4 42. Kc3 Nd3 43. f3 g6 44. Ne3 Ke6 45. g3 Ne1 46. f4 Nf3
47. h4 f5 48. Nc2 Nh2 49. Ne3 Ng4 50. Nf1 Nf2 0-1

[Event "Xtracon GM"]
[Site "Borup"]
[Date "2009.09.13"]
[Round "9"]
[White "Semcesen, Daniel"]
[Black "Antonsen, Mikkel"]
[Result "1/2-1/2"]
[WhiteElo "2465"]
[BlackElo "2428"]
[PlyCount "83"]
[EventDate "2009.09.04"]
[EventType "swiss"]
[EventRounds "9"]
[EventCountry "DEN"]
[Source "ChessBase"]
[SourceDate "2009.11.03"]

1. c4 Nf6 2. Nc3 g6 3. e4 d6 4. d4 Bg7 5. Nf3 O-O 6. h3 e5 7. d5 Na6 8. Bg5 h6
9. Be3 Nc5 10. Nd2 a5 11. Be2 Nh7 12. Nb3 b6 13. Qd2 h5 14. g4 h4 15. Nxc5 bxc5
16. g5 f6 17. gxf6 Bxf6 18. Rg1 Kf7 19. Bg4 Bxg4 20. Rxg4 g5 21. O-O-O Kg7 22.
Rdg1 Kh8 23. Qe2 Qd7 24. Bd2 Qf7 25. f3 Be7 26. Rf1 Nf6 27. Qg2 Nh5 28. a4 Bf6
29. Kc2 Nf4 30. Qh2 Rg8 31. b3 Qh7 32. Be3 Rgf8 33. Bxf4 exf4 34. Nb5 Qe7 35.
Kb1 Qe5 36. Ka2 Rf7 37. Qd2 Kh7 38. Re1 Kh6 39. Rd1 Rg7 40. Qc2 Rf7 41. Qd2 Rg7
42. Qc2 1/2-1/2

[Event "Xtracon GM"]
[Site "Borup"]
[Date "2009.09.13"]
[Round "9"]
[White "Shoker, Samy"]
[Black "Skovgaard, Peter Nicolai"]
[Result "1-0"]
[WhiteElo "2488"]
[BlackElo "2256"]
[PlyCount "81"]
[EventDate "2009.09.04"]
[EventType "swiss"]
[EventRounds "9"]
[EventCountry "DEN"]
[Source "ChessBase"]
[SourceDate "2009.11.03"]

1. g3 e5 2. Bg2 d5 3. d3 c6 4. Nf3 Bd6 5. O-O Nf6 6. c4 O-O 7. cxd5 cxd5 8. Nc3
Nbd7 9. Nh4 Nb6 10. a4 d4 11. Nb5 Nbd5 12. Nxd6 Qxd6 13. Nf3 Bg4 14. a5 h6 15.
h3 Be6 16. Nd2 b5 17. axb6 axb6 18. Nc4 Qc7 19. Bd2 b5 20. Na3 Qd7 21. Kh2 Rfc8
22. Qe1 Ra4 23. e4 dxe3 24. fxe3 Rca8 25. Rc1 e4 26. Rc5 exd3 27. e4 Ne7 28.
Nxb5 Rb8 29. Nc3 Rc4 30. Rxc4 Bxc4 31. e5 Nfd5 32. Ne4 Rxb2 33. Rf2 Qe6 34. Nd6
Nb6 35. Qa1 Qxe5 36. Bf4 Rxf2 37. Qxe5 Bd5 38. Ne4 Re2 39. Kg1 Re1+ 40. Kh2
Nbc8 41. Nf6+ 1-0

[Event "Xtracon GM"]
[Site "Borup"]
[Date "2009.09.13"]
[Round "9"]
[White "Skytte, Rasmus"]
[Black "Teplyi, Igor"]
[Result "1/2-1/2"]
[WhiteElo "2399"]
[BlackElo "2284"]
[PlyCount "52"]
[EventDate "2009.09.04"]
[EventType "swiss"]
[EventRounds "9"]
[EventCountry "DEN"]
[Source "ChessBase"]
[SourceDate "2009.11.03"]

1. e4 c5 2. Nf3 d6 3. c3 Nf6 4. Be2 Bg4 5. h3 Bh5 6. O-O e6 7. d4 cxd4 8. cxd4
Be7 9. Qb3 Qb6 10. Qxb6 axb6 11. Nc3 O-O 12. Be3 Bg6 13. e5 Nd5 14. Nxd5 exd5
15. exd6 Bxd6 16. Ne5 Be4 17. Rfc1 Rd8 18. a3 f6 19. Nf3 Nc6 20. Nd2 Bg6 21.
Bb5 Ne7 22. Nb1 Nf5 23. Nc3 Nxe3 24. fxe3 Bg3 25. Ne2 Bd6 26. Nc3 Bg3 1/2-1/2

[Event "Xtracon GM"]
[Site "Borup"]
[Date "2009.09.13"]
[Round "9"]
[White "Smith, Axel"]
[Black "Bekker Jensen, David"]
[Result "0-1"]
[WhiteElo "2415"]
[BlackElo "2338"]
[PlyCount "104"]
[EventDate "2009.09.04"]
[EventType "swiss"]
[EventRounds "9"]
[EventCountry "DEN"]
[Source "ChessBase"]
[SourceDate "2009.11.03"]

1. e4 c5 2. Nf3 d6 3. d4 cxd4 4. Nxd4 Nf6 5. Nc3 a6 6. Be3 e5 7. Nb3 Be6 8. f3
h5 9. Qd2 Nbd7 10. O-O-O Rc8 11. h3 Qc7 12. Kb1 Be7 13. Bd3 h4 14. Rhe1 b5 15.
f4 Nb6 16. Bxb6 Qxb6 17. Nd5 Nxd5 18. exd5 Bxd5 19. fxe5 dxe5 20. Rxe5 Bxb3 21.
axb3 Kf8 22. Bf5 Rd8 23. Rd5 Rxd5 24. Qxd5 g6 25. Be4 Rh5 26. Qd3 Kg7 27. Rf1
Bf6 28. b4 Re5 29. c3 a5 30. bxa5 Qxa5 31. Bd5 b4 32. c4 Re7 33. Qf3 Bd4 34.
Qd3 Qb6 35. Rd1 Bf6 36. Rc1 Re3 37. Qd1 b3 38. c5 Qb5 39. Bxf7 Qa4 40. Bxb3
Rxb3 41. Qd2 Qe4+ 42. Rc2 Rxb2+ 43. Kc1 Rxc2+ 44. Qxc2 Qe1+ 45. Qd1 Qe3+ 46.
Kb1 Qxc5 47. Qd7+ Qe7 48. Qc6 Qe5 49. Kc2 Qd4 50. Kb3 Kh6 51. Qf3 Kg5 52. Qf1
Qc3+ 0-1